Moby Dick (Record no. 832705)

MARC details
000 -LEADER
fixed length control field 00395nam a2200169Ia 4500
008 - FIXED-LENGTH DATA ELEMENTS--GENERAL INFORMATION
fixed length control field 110201s9999 xx 000 0 und d
082 ## - DEWEY DECIMAL CLASSIFICATION NUMBER
Item number B7156
Classification number BAL 1929
100 ## - MAIN ENTRY--PERSONAL NAME
Personal name Herman Meliville
245 ## - TITLE STATEMENT
Title Moby Dick
260 ## - PUBLICATION, DISTRIBUTION, ETC. (IMPRINT)
Name of publisher, distributor, etc Shikha Publications
365 ## - TRADE PRICE
Price amount 16
600 ## - SUBJECT ADDED ENTRY--PERSONAL NAME
Personal name Herman Meliville
630 ## - SUBJECT ADDED ENTRY--UNIFORM TITLE
Uniform title Moby Dick
700 ## - ADDED ENTRY--PERSONAL NAME
Personal name Herman Meliville
730 ## - ADDED ENTRY--UNIFORM TITLE
Uniform title Moby Dick
942 ## - ADDED ENTRY ELEMENTS (KOHA)
Koha item type Book
Holdings
Withdrawn status Lost status Damaged status Not for loan Home library Current library Date acquired Cost, normal purchase price Total Checkouts Barcode Date last seen Cost, replacement price Price effective from Koha item type
        Prof.Manikrao Kirtane Vachanalaya, Vashi, Navi Mumbai Prof.Manikrao Kirtane Vachanalaya, Vashi, Navi Mumbai 02/01/2011 16.00   PMKV-B7156 02/01/2011 16.00 02/01/2011 Book